Words into action : for the UN World Summit on Sustainable Development : Johannesburg, 26 August-4 September, 2002 : Johannesburg World Summit, 2002

Αποθηκεύτηκε σε:
Λεπτομέρειες βιβλιογραφικής εγγραφής
Συγγραφή απο Οργανισμό/Αρχή: World Summit on Sustainable Development
Άλλοι συγγραφείς: Chatterjee, Lillian (Διευθυντής)
Μορφή: Βιβλίο
Γλώσσα:English
Δημοσίευση: [Washington, D.C.] : International Institute for Environment and Development, 2002
Θέματα:
Ετικέτες: Προσθήκη ετικέτας
Δεν υπάρχουν, Καταχωρήστε ετικέτα πρώτοι!

MARC

LEADER 00000nam a2200000 i 4500
001 1/80977
008 080408s2002 eng d
035 |l 10096356 
040 |a GR-MY-UA  |b gre  |e aacr 
041 0 |a eng 
082 0 |a 338.9  |2 (22) 
245 1 0 |a Words into action :  |b for the UN World Summit on Sustainable Development : Johannesburg, 26 August-4 September, 2002 : Johannesburg World Summit, 2002 /  |c [Lillian Chatterjee] director 
260 |a [Washington, D.C.] :   |b International Institute for Environment and Development,   |c 2002 
300 |a 128 σ.;  |b έγχρ. εικ.;  |c 30 εκ. 
650 0 0 |a Sustainable development  |x Congresses. 
700 1 |a Chatterjee, Lillian.  |4 drt 
710 2 |a World Summit on Sustainable Development. 
852 |a INST  |b LESVOS  |e 20080408  |h 338.9 WOR  |p 005100039538  |q 005100039538  |t BK  |y 0 
901 |a BIBL1-2008-1 
909 |a Λ  |b 145709 
922 |a 1ΕΛΗ  |b 200801  |c ΕΠΕΑΕΚ2/ΤΠ  |d ΕΛΕΥΘΕΡΟΥΔΑΚΗΣ 
970 |a ΚΑΡΑ  |b ΓΙΑΣΕΜΗ  |z 2008/04/08